Obálka Náhled e-knihy:
PDF
Pro půjčování e-knih musíte být přihlášeni.
Jak si půjčit online?

Teta to zase plete /

Pokračování popletených pohádek vyprávěných tetou Bětou Šárce a Vašíkovi. Vhodné jako první čtení pro děti kolem osmi let.

Uloženo v:
Hlavní autor: Březinová, Ivona, 1964- (Autor)
Médium: E-kniha
Jazyk:Czech
Vydáno: V Praze : Albatros, 2018
Vydání:3. vydání
Edice:První čtení (Albatros)
Témata:
Tagy:
Žádné tagy
LEADER 02405nam a2200457 i 4500
001 302823
003 CZ PrSKC
005 20260515063232.0
007 ta
008 180919s2018 xr a b 000 j cze
015 |a cnb003037259 
020 |a 9788000051420  |q (vázáno) :  |c Kč 169,00 
035 |a (OCoLC)1066029853 
040 |a OLA001  |b cze  |e rda 
072 7 |a 821.162.3-3  |x Česká próza  |2 Konspekt 
072 7 |a 821-93  |x Literatura pro děti a mládež (beletrie)  |2 Konspekt 
080 |a 821.162.3-34  |2 MRF 
080 |a 821-93  |2 MRF 
080 |a (0:82-34)  |2 MRF 
100 1 |a Březinová, Ivona,  |d 1964-  |7 jn19990218010  |4 aut 
245 1 0 |a Teta to zase plete /  |c Ivona Březinová 
250 |a 3. vydání 
264 1 |a V Praze :  |b Albatros,  |c 2018 
300 |a 62 stran, 4 nečíslované strany :  |b barevné ilustrace ;  |c 21 cm 
336 |a text  |b txt  |2 rdacontent 
337 |a bez média  |b n  |2 rdamedia 
338 |a svazek  |b nc  |2 rdacarrier 
490 1 |a První čtení 
520 2 |a Pokračování popletených pohádek vyprávěných tetou Bětou Šárce a Vašíkovi. Vhodné jako první čtení pro děti kolem osmi let.  |b Teta Běta popletla, co mohla. V jejích pohádkách potkal Koblížek pyšnou princeznu, slepička běžela pro vodu Zlatovlásce, které zaskočila v krku třešňová pecka, hubatá Káča vytáhla přerostlou řepu a Otesánek pomáhal vysvobodit začarovanou princeznu. Na konci každé pohádky jsou otázky, s jejichž pomocí mohou děti se Šárkou a Vašíkem rozmotat, co teta Běta zamotala. Pohádky doprovází veselé a vtipné ilustrace. V závěru knihy jsou správné odpovědi na otázky z pohádek. 
521 8 |a Pro začínající čtenáře 
655 7 |a české pohádky  |7 fd133970  |2 czenas 
655 7 |a publikace pro děti  |7 fd133156  |2 czenas 
655 9 |a Czech fairy tales  |2 eczenas 
655 9 |a children's literature  |2 eczenas 
830 0 |a První čtení (Albatros) 
900 |a ABA001  |b 19 
928 9 |a Albatros Media - Albatros 
044 |a xr 
910 |a RBIT002 
998 |d 179001  |a https://core.palmknihy.cz/api/books/179001/cover?tf1sqi  |b https://core.palmknihy.cz/api/books/179001/cover/400?tf1sqi  |c https://core.palmknihy.cz/api/books/179001/cover/50?tf1sqi  |e 2035-12-31  |g 68  |i 9788000051420  |k https://core.palmknihy.cz/api/books/179001/preview.pdf  |l   |q 49  |r 1  |s https://www.palmknihy.cz/kniha/179001  |t ebook  |y 2018  |z 0 
999 |d 302821